Guess the FC Barcelona player #8 - Statistics

General Stats
  • This quiz has been taken 23 times
  • The average score is 12 of 16
Answer Stats
Picture Answer % Correct
Alexis Sánchez
95%
Carles Puyol
91%
Ferran Torres
91%
Rivaldo
91%
Ronald Koeman
91%
Gavi
86%
Héctor Bellerín
86%
Franck Kessié
82%
Miralem Pjanić
77%
Pedro
77%
Gerard Martín
73%
Wojciech Szczęsny
73%
Óscar Mingueza
55%
Pau Víctor
45%
Jonathan dos Santos
41%
László Kubala
27%
No matching quizzes found
Score Distribution
Percent of People with Each Score
Percentile by Number Answered
Your Score History
You have not taken this quiz